[Event "Novi Sad"]
[Site "Novi Sad"]
[Date "1984.??.??"]
[Round "?"]
[White "Torre, Eugenio"]
[Black "Kovacevic, Vlatko"]
[Result "1/2-1/2"]
[WhiteElo "2530"]
[BlackElo "2510"]

1.c4 f5 2.Nf3 Nf6 3.g3 g6 4.Bg2 Bg7 5.d4 O-O 6.b3 d6 7.Bb2 c6 8.O-O a5 9.Nc3 Na6
10.d5 Bd7 11.Nd4 Qc7 12.e4 fxe4 13.Nxe4 Nxe4 14.Bxe4 Qb6 15.Rb1 Nc5 16.Bg2 cxd5
17.Bxd5+ Kh8 18.Qe2 Rae8 19.Ne6 Nxe6 20.Bxe6 Bxe6 21.Qxe6 Bxb2 22.Rxb2 Rf6
23.Qe2 Rf5 24.Rd2 Re5 25.Qd1 Rf8 26.Re1 Rff5 27.Rxe5 Rxe5 28.Re2 Rxe2 29.Qxe2 e5
30.Qe4 Kg7 31.Kg2 h5 32.Kf3 Qc7 33.Qd5 b6 34.Ke3 Qd7 35.Kd2 Kh6 36.Qg8 Qf5
37.Ke3 Qg5+ 38.Ke2 Qg4+ 39.f3 Qd4 40.Qh8+ Kg5 41.h4+ Kf5 42.Qf8+  1/2-1/2

[Event "Novi Sad"]
[Site "Novi Sad"]
[Date "1984.??.??"]
[Round "?"]
[White "Torre, Eugenio"]
[Black "Popovic, Petar"]
[Result "1/2-1/2"]
[WhiteElo "2530"]
[BlackElo "2525"]

1.d4 Nf6 2.c4 e6 3.Nf3 b6 4.g3 Ba6 5.b3 c6 6.Bg2 d5 7.O-O Nbd7 8.Nbd2 Be7
9.Bb2 O-O 10.Re1 c5 11.e4 Nxe4 12.Nxe4 dxe4 13.Rxe4 Bb7 14.Re2 Bf6 15.Rd2 Qe7
16.Qe2 Rad8 17.Rad1 cxd4 18.Nxd4 Nc5 19.Ba3 Bxg2 20.Kxg2 Qb7+ 21.Qf3 Qxf3+
22.Nxf3 Rxd2 23.Rxd2 g5 24.Bxc5 bxc5 25.Rd7 Rd8 26.Ne5 Rxd7 27.Nxd7 Be7 28.Nb8 Bd6
29.Na6 Kf8 30.a3 Ke8 31.b4 Kd7 32.b5 h5 33.h3 f5 34.f3 Kc8 35.a4 Kb7 36.a5 Kc8
37.g4 hxg4 38.hxg4 Kd8 39.Kf1 Kc8 40.Ke2 Kd7 41.Kd3 fxg4 42.fxg4 Kc8 43.Ke4 Kb7
44.Ke3 Be7  1/2-1/2

[Event "Novi Sad"]
[Site "Novi Sad"]
[Date "1984.??.??"]
[Round "?"]
[White "Torre, Eugenio"]
[Black "Sokolov, Andrei"]
[Result "1/2-1/2"]
[WhiteElo "2530"]
[BlackElo "2505"]

1.d4 Nf6 2.c4 e6 3.Nf3 b6 4.g3 Ba6 5.b3 Bb4+ 6.Bd2 Be7 7.Bg2 c6 8.Bc3 d5
9.Ne5 O-O 10.Nd2 Bb7 11.e4 c5 12.exd5 exd5 13.O-O cxd4 14.Bxd4 Nbd7 15.Ng4 Rb8
16.Re1 Re8 17.cxd5 Nxd5 18.Nc4 h5 19.Bxg7 Kxg7 20.Bxd5 Bxd5 21.Qxd5 hxg4
22.Rad1 Nf8 23.Qh5 Bf6 24.Ne3 Qc7 25.Nf5+ Kg8 26.Nh6+ Kg7 27.Nf5+ Kg8 28.Nh6+ Kg7  1/2-1/2